Familia Gerridae (Heteroptera) (Registro nro. 13397)
[ vista simple ]
| 000 -CABECERA | |
|---|---|
| Campo de control | 004670000a22001330004500 |
| 090 ## - CLASIFICACIÓN LOCAL | |
| Colección | AR |
| Consecutivo | 04300 |
| 041 0# - IDIOMA | |
| Código de idioma para texto/pista de sonido o título separado | |
| 100 1# - ASIENTO PRINCIPAL--NOMBRE PERSONAL | |
| Nombre personal | Mazzucconi, Silvia A. |
| 245 10 - MENCION DE TITULO | |
| Título | Familia Gerridae (Heteroptera) |
| Version | estudio comparativo de las alas de las especies argentinas, chilenas y uruguayas |
| 500 ## - NOTA GENERAL | |
| Nota general | <Literatura de escarabajos coprófagos> |
| 700 1# - ASIENTO SECUNDARIO - NOMBRE PERSONAL | |
| Nombre personal | Bachmann, Axel O. |
| 773 1# - Item fuente: | |
| Título | Rev. Soc. Entomol. Argent. |
| Descripción física | 1-4 |
| Paginas del Articulo | 87-99 |
| Lugar, editorial y fecha de publicación | 1993 |
| Información sobre la relación | 52 |
| 942 ## - ELEMENTOS ADICIONALES (KOHA) | |
| Tipo de ítem | Artículo |
| Withdrawn status | Lost status | Damaged status | No para préstamo | Colección | Ubicación Permanente | Ubicación actual | Fecha de adquisición | Fuente de Valor | Datos de publicación Seriada | Total Checkouts | Número topográfico | Inventario / Código de Barras | Date last seen | Ejemplar | Price effective from | Forma de adquisición | Tipo de material |
|---|---|---|---|---|---|---|---|---|---|---|---|---|---|---|---|---|---|
| No para Préstamo | Hemeroteca | Bogotá | Bogotá | 21/11/2006 | Trujillo, Diego | Fuera de circulación | AR 04300 | 023745 | 25/03/2015 | 1 | 25/03/2015 | Artículo | |||||
| No para Préstamo | Hemeroteca | Bogotá | Bogotá | 26/06/2007 | Trujillo, Diego | Fuera de circulación | AR 04300 | 024612 | 25/03/2015 | 2 | 25/03/2015 | Artículo |